00661 2200241 4500001002100000005001700021008004100038020002200079035002500101040001200126082001500138084001500153245005000168250001900218260002700237300003700264650004000301710001200341850001200353990001800365990001800383990001800401INLIS00000000000525420150908090157.0  a978-979-29-4235-4 a0010-051500000000387 aYOPDYOG 223a005.12 a005.12 Kup aKUPAS tuntas microsoft access 2013c/ Madcoms aEd. 1 , Cet. 1 aYogyakartabAndic2013 axiv, 356 hlm.b: ilus.c; 23 cm. aMicrosoft Access (Program Komputer) aMADCOMS aYOPDYOG a15635-PD/B.15 a15636-PD/B.15 a15637-PD/B.15